| 000 | 00568nam a2200217Ia 4500 | ||
|---|---|---|---|
| 008 | 160404s9999 xx 000 0 und d | ||
| 020 | _a978-971-27-2189-2 | ||
| 050 | _aFIL HF 5415 | ||
| 050 | _b.L36 2009 | ||
| 100 | _aLao, Paulo M. | ||
| 245 | _a101 best marketing practices / | ||
| 245 | _cPaulo M. Lao, Felix M. Lao, Jr. | ||
| 260 | _aPasig City: | ||
| 260 | _bAnvil Pub. Inc., | ||
| 260 | _c2009 | ||
| 300 | _a186 pages : | ||
| 300 | _billustrations ; | ||
| 300 | _c18 cm. | ||
| 500 | _aIncludes bibliographical references. | ||
| 650 | _aMarketing. | ||
| 999 |
_c293326 _d293326 |
||